000 00560nam a2200181Ia 4500
008 151018s9999 xx 000 0 und d
082 _bRBASDV20180
_a891.463
100 _aरवींद्रनाथ टागोर
245 _aविभा
250 _b1
260 _bयुवराज ग्रंथ वितरक
_c1986
300 _a147
600 _aरवींद्रनाथ टागोर
630 _aविभा
700 _aरवींद्रनाथ टागोर
730 _aविभा
942 _cBOOK
999 _c1020807
_d1020804